The Participatory City /
Gespeichert in:
| Weitere Verfasser: | |
|---|---|
| Format: | Buch |
| Sprache: | Englisch |
| Veröffentlicht: |
Berlin :
jovis Verlag,
2016
|
| Schlagworte: | |
| Tags: |
Keine Tags, Fügen Sie das erste Tag hinzu!
|
MARC
| LEADER | 00000nam a22000003a 4500 | ||
|---|---|---|---|
| 001 | 0028616 | ||
| 003 | SK-STU | ||
| 005 | 20190325140546.0 | ||
| 007 | ta | ||
| 008 | 171206s ----xo-----e------000-0-----d | ||
| 020 | |a 978-3-86859-375-4 | ||
| 040 | |a STU |b slo | ||
| 041 | 0 | |a eng | |
| 044 | |a gw | ||
| 245 | 1 | 0 | |a The Participatory City / |c ed. Yasminah Beebeejaun |
| 260 | |a Berlin : |b jovis Verlag, |c 2016 | ||
| 300 | |a 191 s. | ||
| 650 | 0 | 7 | |a verejná participácia |
| 650 | 0 | 7 | |a sociálne komunity |
| 650 | 0 | 7 | |a zeleň v meste |
| 650 | 0 | 7 | |a stratégia mestská |
| 700 | 1 | |a Beebeejaun, Yasminah |r Z6 |4 edt | |
| 996 | |b 284AU07156 |c A* 10386/U |l AA2120 |s P |a 0 |w 0028616_0001 | ||